[Event "Junior Online 4NCL Division 3"]
[Site "online"]
[Date "2021.10.14"]
[EventDate "2021.10.14"]
[Round "5.146"]
[White "Keech, Gabriel"]
[WhiteElo "1520"]
[WhiteTeam "Somerset Lions"]
[Black "Sasikumar, Navaneeth"]
[BlackElo "1402"]
[BlackTeam "Leeds Juniors 2"]
[Result "0-1"]
[PlyCount "70"]

1. c4 g6 2. Nc3 Bg7 3. d3 Nf6 4. Nf3 d6 5. g3 Nbd7 6. Bg2 c5 7. O-O O-O 8. Re1 Rb8 9. Bd2 a6 10. a4 Ng4 11. h3 Nge5 12. Bf4 Qb6 13. Rb1 Qc7 14. Qd2 Nxf3+ 15. Bxf3 Nf6 16. Bg2 Bd7 17. Bh6 b5 18. Bxg7 Kxg7 19. axb5 axb5 20. cxb5 Bxb5 21. Nxb5 Rxb5 22. Ra1 Rfb8 23. Ra2 Qb6 24. Rb1 d5 25. Qc2 e6 26. e3 Rb4 27. d4 cxd4 28. exd4 Qxd4 29. b3 Ne4 30. Rab2 Nxg3 31. Kh2 Ne4 32. Bxe4 Qxe4 33. Qxe4 dxe4 34. Kg3 f5 35. Kf4 Kf6 0-1

[Event "Junior Online 4NCL Division 3"]
[Site "online"]
[Date "2021.10.14"]
[EventDate "2021.10.14"]
[Round "5.147"]
[White "Yerabati, Suhrith"]
[WhiteElo "1413"]
[WhiteTeam "Leeds Juniors 2"]
[Black "Wang, Andy"]
[BlackElo "1361"]
[BlackTeam "Somerset Lions"]
[Result "1-0"]
[PlyCount "67"]

1. c4 e5 2. Nc3 Nf6 3. d3 Nc6 4. Nf3 Bc5 5. Bg5 h6 6. Bh4 d6 7. e3 Bg4 8. h3 Bh5 9. Be2 g5 10. Bg3 Qd7 11. a3 a6 12. b4 Ba7 13. Qb3 Ne7 14. Nd5 Nfxd5 15. cxd5 Qb5 16. e4 Bxf3 17. gxf3 Rf8 18. d4 Qd7 19. dxe5 Bd4 20. Rc1 Bxe5 21. Qc2 Rc8 22. h4 Rg8 23. hxg5 hxg5 24. Qd2 Qa4 25. Bxe5 dxe5 26. d6 Nc6 27. d7+ Kd8 28. dxc8=Q+ Kxc8 29. Qc3 Rg7 30. Bc4 Kb8 31. Ra1 Nd4 32. Kd2 Kc8 33. Rab1 Qd7 34. Rh8+ 1-0

[Event "Junior Online 4NCL Division 3"]
[Site "online"]
[Date "2021.10.14"]
[EventDate "2021.10.14"]
[Round "5.148"]
[White "Zeng, Jonathan"]
[WhiteElo "1330"]
[WhiteTeam "Somerset Lions"]
[Black "Yerabati, Samiksha"]
[BlackElo "1337"]
[BlackTeam "Leeds Juniors 2"]
[Result "0-1"]
[PlyCount "36"]

1. e4 c6 2. Nf3 d5 3. exd5 cxd5 4. d4 Nc6 5. Bb5 Bd7 6. Nc3 Nf6 7. Bg5 e6 8. O-O h6 9. Bh4 Be7 10. Re1 O-O 11. Ne5 Nxe5 12. dxe5 Nh7 13. Bxe7 Qxe7 14. Bxd7 Qxd7 15. Qg4 Rae8 16. Rad1 f6 17. exf6 Nxf6 18. Ne4 Nxg4 0-1

[Event "Junior Online 4NCL Division 3"]
[Site "online"]
[Date "2021.10.14"]
[EventDate "2021.10.14"]
[Round "5.151"]
[White "Harris, Harrison"]
[WhiteElo "1195"]
[WhiteTeam "Uxbridge C"]
[Black "Bates, Hubert"]
[BlackElo "1400"]
[BlackTeam "JHJ Shark Tank 5"]
[Result "0-1"]
[PlyCount "62"]

1. e4 c5 2. Nf3 d6 3. d4 cxd4 4. Nxd4 Nf6 5. Nc3 a6 6. a4 e6 7. Bg5 Be7 8. Be2 h6 9. Bxf6 Bxf6 10. O-O Nc6 11. Nxc6 bxc6 12. Bf3 d5 13. exd5 cxd5 14. Nxd5 exd5 15. Bxd5 Ra7 16. Bxf7+ Kxf7 17. Qh5+ g6 18. Qe2 Re8 19. Qc4+ Be6 20. Qd3 Qxd3 21. cxd3 Rd7 22. Rad1 Bf5 23. f3 Rxd3 24. Rxd3 Bxd3 25. Rd1 Rd8 26. g3 Bxb2 27. h4 Bf6 28. Kh2 Bb5 29. Rxd8 Bxd8 30. axb5 axb5 31. f4 b4 0-1

[Event "Junior Online 4NCL Division 3"]
[Site "online"]
[Date "2021.10.14"]
[EventDate "2021.10.14"]
[Round "5.152"]
[White "Hatem, Mika"]
[WhiteElo "1384"]
[WhiteTeam "JHJ Shark Tank 5"]
[Black "Cepoi, Gesneria-Codruta"]
[BlackElo "1109"]
[BlackTeam "Uxbridge C"]
[Result "0-1"]
[PlyCount "22"]

1. e4 e5 2. Nf3 Nc6 3. d4 f6 4. dxe5 fxe5 5. Bb5 d6 6. Nxe5 dxe5 7. Qh5+ Ke7 8. Bg5+ Nf6 9. Bc4 Be6 10. Bxe6 Kxe6 11. O-O Nxh5 0-1

[Event "Junior Online 4NCL Division 3"]
[Site "online"]
[Date "2021.10.14"]
[EventDate "2021.10.14"]
[Round "5.153"]
[White "Boby, Shawn"]
[WhiteElo "926"]
[WhiteTeam "Uxbridge C"]
[Black "Xu, Tianyou"]
[BlackElo "1364"]
[BlackTeam "JHJ Shark Tank 5"]
[Result "1-0"]
[PlyCount "81"]

1. d4 d5 2. Bf4 Bf5 3. c3 Nf6 4. e3 e6 5. Bd3 Be4 6. f3 Bg6 7. Ne2 Nbd7 8. b4 Bd6 9. Bg3 O-O 10. Qc2 b6 11. Nd2 e5 12. e4 dxe4 13. Nxe4 Bxe4 14. fxe4 exd4 15. O-O Bxg3 16. Nxg3 dxc3 17. Qxc3 Qe7 18. Nf5 Qe6 19. Rae1 c5 20. bxc5 Nxc5 21. Bc4 Qc6 22. Ne7+ Kh8 23. Nxc6 Ncxe4 24. Rxe4 Nxe4 25. Qd4 Nc5 26. Rxf7 Rxf7 27. Bxf7 Rf8 28. Qc4 Nd7 29. Nxa7 Ne5 30. Qb5 Nxf7 31. Qxb6 Ne5 32. Qd6 Ng6 33. Nc6 Rf6 34. Qd8+ Nf8 35. Ne5 Kg8 36. Nd7 Rf7 37. Nxf8 Rxf8 38. Qd5+ Kh8 39. a4 Rb8 40. a5 Rb1+ 41. Kf2 1-0

[Event "Junior Online 4NCL Division 3"]
[Site "online"]
[Date "2021.10.14"]
[EventDate "2021.10.14"]
[Round "5.154"]
[White "Ehrlich, Ben"]
[WhiteElo "1359"]
[WhiteTeam "JHJ Shark Tank 5"]
[Black "Bhargava, Arnav"]
[BlackElo "850"]
[BlackTeam "Uxbridge C"]
[Result "1-0"]
[PlyCount "65"]

1. e4 Nc6 2. d4 d5 3. exd5 Qxd5 4. Nf3 Bg4 5. Nc3 Qh5 6. Be2 Nf6 7. h3 Bf5 8. Ne5 Bg4 9. Nxg4 Nxg4 10. Bxg4 Qg6 11. Nb5 a6 12. Nxc7+ Kd8 13. Nxa8 h5 14. Bf3 Nb4 15. Qd2 Nxc2+ 16. Kf1 Nxa1 17. Qa5+ b6 18. Nxb6 Qd3+ 19. Be2 Nc2 20. Bxd3 Nxd4 21. Nd5+ Kd7 22. Qc7+ Ke6 23. Nf4+ Kf6 24. Qb6+ Ne6 25. Nxe6 fxe6 26. Qd4+ e5 27. Qb6+ e6 28. Qd8+ Kf7 29. Bg5 Be7 30. Qxe7+ Kg8 31. Qxe6+ Kf8 32. Be7+ Ke8 33. Bg6# 1-0

[Event "Junior Online 4NCL Division 3"]
[Site "online"]
[Date "2021.10.14"]
[EventDate "2021.10.14"]
[Round "5.155"]
[White "Bates, Hubert"]
[WhiteElo "1400"]
[WhiteTeam "JHJ Shark Tank 5"]
[Black "Harris, Harrison"]
[BlackElo "1195"]
[BlackTeam "Uxbridge C"]
[Result "1/2-1/2"]
[PlyCount "113"]

1. e4 Nc6 2. d4 d6 3. Nf3 e5 4. dxe5 dxe5 5. Qxd8+ Kxd8 6. Bc4 Be7 7. Bxf7 Nf6 8. Nc3 Bg4 9. Ke2 Nd4+ 10. Ke1 Bxf3 11. gxf3 Nxf3+ 12. Ke2 Nd4+ 13. Kd1 a6 14. Bb3 b5 15. Rg1 g6 16. Nd5 Nxd5 17. Bxd5 Rb8 18. c3 c6 19. cxd4 cxd5 20. exd5 exd4 21. Bf4 Rc8 22. d6 Bf6 23. Rc1 d3 24. b3 Rxc1+ 25. Kxc1 Bc3 26. Bd2 b4 27. Rg3 Rf8 28. Rxd3 Rxf2 29. Bxc3 bxc3 30. Rxc3 Rxa2 31. h4 Rf2 32. Rc6 Rf6 33. Rxa6 Kd7 34. Ra7+ Kxd6 35. Rxh7 Kc5 36. h5 Kb4 37. hxg6 Rxg6 38. Rh3 Rc6+ 39. Kb2 Rg6 40. Rh4+ Kb5 41. Ka3 Ra6+ 42. Kb2 Rg6 43. Rc4 Rc6 44. Rxc6 Kxc6 45. Kc3 Kb5 46. b4 Kb6 47. Kc4 Kc6 48. Kd4 Kb5 49. Kc3 Kc6 50. Kc4 Kb6 51. b5 Kb7 52. Kc5 Kc7 53. b6+ Kb7 54. Kb5 Kb8 55. Ka6 Ka8 56. b7+ Kb8 57. Kb6 1/2-1/2

[Event "Junior Online 4NCL Division 3"]
[Site "online"]
[Date "2021.10.14"]
[EventDate "2021.10.14"]
[Round "5.156"]
[White "Cepoi, Gesneria-Codruta"]
[WhiteElo "1109"]
[WhiteTeam "Uxbridge C"]
[Black "Hatem, Mika"]
[BlackElo "1384"]
[BlackTeam "JHJ Shark Tank 5"]
[Result "0-1"]
[PlyCount "44"]

1. e4 e5 2. Nf3 Nc6 3. Bb5 a6 4. Be2 Bc5 5. Nc3 Nf6 6. h3 d5 7. exd5 Nxd5 8. Ne4 Bb6 9. Bc4 Be6 10. Bb3 Nf4 11. d3 Nxg2+ 12. Kf1 Nf4 13. Bxe6 Nxe6 14. Rg1 f5 15. Nc3 g6 16. Qe2 Ncd4 17. Nxd4 Nxd4 18. Qxe5+ Qe7 19. Qxh8+ Kd7 20. Qxa8 Nf3 21. Rh1 Qe1+ 22. Kg2 Qxf2# 0-1

[Event "Junior Online 4NCL Division 3"]
[Site "online"]
[Date "2021.10.14"]
[EventDate "2021.10.14"]
[Round "5.157"]
[White "Xu, Tianyou"]
[WhiteElo "1364"]
[WhiteTeam "JHJ Shark Tank 5"]
[Black "Boby, Shawn"]
[BlackElo "926"]
[BlackTeam "Uxbridge C"]
[Result "1-0"]
[PlyCount "107"]

1. e4 e5 2. Nf3 Nc6 3. Bc4 Nf6 4. d3 h6 5. Nc3 Bc5 6. Be3 Bxe3 7. fxe3 d6 8. O-O Bg4 9. Qe1 Nb4 10. Bb3 Be6 11. Qf2 O-O 12. a3 Ng4 13. Qg3 Nxe3 14. axb4 Nxf1 15. Rxf1 Bxb3 16. cxb3 c5 17. bxc5 dxc5 18. Nd5 Re8 19. Nxe5 Qd6 20. Nxf7 Qxg3 21. hxg3 Rf8 22. Ne5 Rxf1+ 23. Kxf1 Re8 24. Nd7 b6 25. N7f6+ gxf6 26. Nxf6+ Kf7 27. Nxe8 Kxe8 28. Ke2 Kf7 29. Ke3 Ke6 30. d4 Kf6 31. dxc5 bxc5 32. Kf4 h5 33. e5+ Ke6 34. Ke4 a5 35. Kf4 Kf7 36. Kf5 Ke7 37. e6 Ke8 38. Kf6 Kf8 39. e7+ Ke8 40. Ke6 h4 41. gxh4 c4 42. bxc4 a4 43. Kd6 a3 44. bxa3 Kf7 45. Kd7 Kf6 46. e8=Q Kf5 47. h5 Kg5 48. Qg6+ Kf4 49. h6 Ke3 50. h7 Kd2 51. h8=Q Ke3 52. Qe5+ Kf2 53. Qgg3+ Kg1 54. Qee1# 1-0

[Event "Junior Online 4NCL Division 3"]
[Site "online"]
[Date "2021.10.14"]
[EventDate "2021.10.14"]
[Round "5.158"]
[White "Bhargava, Arnav"]
[WhiteElo "850"]
[WhiteTeam "Uxbridge C"]
[Black "Ehrlich, Ben"]
[BlackElo "1359"]
[BlackTeam "JHJ Shark Tank 5"]
[Result "0-1"]
[PlyCount "58"]

1. d4 d5 2. c4 Nf6 3. Bf4 c6 4. e3 Bf5 5. Nc3 e6 6. Nf3 Bd6 7. Bd3 Bxf4 8. Bxf5 Bxe3 9. fxe3 exf5 10. O-O Ng4 11. Ne5 Nxe3 12. Qe2 Qg5 13. Nf3 Qe7 14. cxd5 Nxf1 15. Qxf1 Qe3+ 16. Kh1 O-O 17. Nd1 Qe7 18. Nc3 Qd6 19. Qc1 cxd5 20. Ng5 h6 21. Nf3 Nc6 22. Nb5 Qb4 23. Nc7 Rad8 24. a3 Qb6 25. Nxd5 Rxd5 26. Qe3 Nxd4 27. Rd1 Nxf3 28. Rd2 Qxe3 29. Rxd5 Qg1# 0-1

[Event "Junior Online 4NCL Division 3"]
[Site "online"]
[Date "2021.10.14"]
[EventDate "2021.10.14"]
[Round "5.162"]
[White "Bazan, Mateusz"]
[WhiteElo "1482"]
[WhiteTeam "Charlton Tigers"]
[Black "Ali, Shahyan"]
[BlackElo "1249"]
[BlackTeam "Wimbledon Juniors A"]
[Result "1-0"]
[PlyCount "81"]

1. d4 d5 2. c4 dxc4 3. e4 Nc6 4. d5 Ne5 5. f4 Bg4 6. Nf3 Nf6 7. fxe5 Nxe4 8. Bxc4 e6 9. Nc3 Nxc3 10. bxc3 exd5 11. Qxd5 Qxd5 12. Bxd5 c6 13. Bb3 Bxf3 14. gxf3 Bc5 15. Ke2 O-O 16. Be3 Bxe3 17. Kxe3 Rfe8 18. f4 Rad8 19. Rad1 c5 20. Rxd8 Rxd8 21. Rd1 Rxd1 22. Bxd1 f6 23. exf6 gxf6 24. Ke4 Kf7 25. Kf5 Ke7 26. c4 a6 27. a4 b6 28. h3 a5 29. Bh5 h6 30. h4 b5 31. cxb5 c4 32. b6 c3 33. b7 c2 34. b8=Q c1=Q 35. Qe8+ Kd6 36. Qd8+ Kc6 37. Qc8+ Kb6 38. Qxc1 Kb7 39. Bf3+ Kb6 40. Qc6+ Ka7 41. Qb7# 1-0

[Event "Junior Online 4NCL Division 3"]
[Site "online"]
[Date "2021.10.14"]
[EventDate "2021.10.14"]
[Round "5.163"]
[White "Doorduin, Lara"]
[WhiteElo "1078"]
[WhiteTeam "Wimbledon Juniors A"]
[Black "Manikandan, Gaurav"]
[BlackElo "1420"]
[BlackTeam "Charlton Tigers"]
[Result "0-1"]
[PlyCount "58"]

1. e4 e5 2. Nf3 Nc6 3. Bc4 Bc5 4. c3 Nf6 5. d4 exd4 6. cxd4 Bb4+ 7. Nc3 Nxe4 8. O-O Bxc3 9. d5 Ba5 10. dxc6 bxc6 11. Bxf7+ Kxf7 12. Qb3+ d5 13. Ne5+ Kg8 14. Nxc6 Qd6 15. Nxa5 Be6 16. Nb7 Qc6 17. Be3 Rb8 18. Rac1 Qxb7 19. Qc2 c5 20. Bf4 Rf8 21. Be3 d4 22. Bf4 Rxf4 23. g3 Rf6 24. f4 Kf7 25. Rce1 Bd5 26. g4 c4 27. g5 d3 28. Qd1 Qb6+ 29. Kh1 Ng3# 0-1

[Event "Junior Online 4NCL Division 3"]
[Site "online"]
[Date "2021.10.14"]
[EventDate "2021.10.14"]
[Round "5.166"]
[White "Ali, Shahyan"]
[WhiteElo "1249"]
[WhiteTeam "Wimbledon Juniors A"]
[Black "Bazan, Mateusz"]
[BlackElo "1482"]
[BlackTeam "Charlton Tigers"]
[Result "0-1"]
[PlyCount "44"]

1. e4 e6 2. Bc4 d5 3. exd5 exd5 4. Qe2+ Be7 5. Bb5+ c6 6. Bd3 Nf6 7. Nf3 O-O 8. O-O Bg4 9. h3 Bxf3 10. Qxf3 Nbd7 11. Bf5 Ne5 12. Qe2 Ng6 13. Bxg6 fxg6 14. d3 Qd6 15. Re1 Rae8 16. Qe6+ Qxe6 17. Rxe6 Bd8 18. Rxe8 Rxe8 19. Bd2 Bc7 20. Nc3 d4 21. Nd1 Re2 22. Bg5 Re1# 0-1

[Event "Junior Online 4NCL Division 3"]
[Site "online"]
[Date "2021.10.14"]
[EventDate "2021.10.14"]
[Round "5.167"]
[White "Manikandan, Gaurav"]
[WhiteElo "1420"]
[WhiteTeam "Charlton Tigers"]
[Black "Doorduin, Lara"]
[BlackElo "1078"]
[BlackTeam "Wimbledon Juniors A"]
[Result "1-0"]
[PlyCount "135"]

1. e4 c5 2. Nf3 Nc6 3. d4 cxd4 4. Nxd4 g6 5. Nc3 Bg7 6. Be3 Nf6 7. Nxc6 bxc6 8. Bc4 O-O 9. O-O d6 10. e5 dxe5 11. Bc5 Nd7 12. Be3 e6 13. Ne4 Nf6 14. Qxd8 Rxd8 15. Bg5 Rd4 16. Nxf6+ Bxf6 17. Bxf6 Rxc4 18. Bxe5 Rxc2 19. Rad1 Ba6 20. Rc1 Bxf1 21. Rxc2 Bb5 22. b3 Rd8 23. f3 Rd5 24. Bf4 g5 25. Bb8 Rd1+ 26. Kf2 Rf1+ 27. Kg3 f5 28. a4 f4+ 29. Kh3 Bd3 30. Rxc6 Bf5+ 31. g4 fxg3+ 32. Kxg3 Rg1+ 33. Kf2 Rh1 34. Rc4 h5 35. Rc8+ Kf7 36. Rh8 h4 37. Rd8 Kf6 38. Rd4 e5 39. Rd6+ Ke7 40. Rd5 Ke6 41. Rxe5+ Kf6 42. Ke3 Re1+ 43. Kd4 Rd1+ 44. Kc4 Rc1+ 45. Kb4 Rc6 46. Rb5 Ke6 47. Bxa7 Ra6 48. Rb6+ Rxb6+ 49. Bxb6 Ke5 50. Bd8 Kf4 51. a5 g4 52. Bxh4 gxf3 53. Bg3+ Kg4 54. a6 Kh3 55. a7 Kg2 56. Kc5 Be4 57. b4 f2 58. Bxf2 Kxf2 59. h4 Kf3 60. h5 Kf4 61. h6 Ke5 62. h7 Bxh7 63. a8=Q Be4 64. Qe8+ Kf4 65. b5 Kf5 66. b6 Kf4 67. b7 Bxb7 68. Qf7+ 1-0

[Event "Junior Online 4NCL Division 3"]
[Site "online"]
[Date "2021.10.28"]
[EventDate "2021.10.28"]
[Round "6.11"]
[White "Pearson, Matt D"]
[WhiteElo "1035"]
[WhiteTeam "Manchester Juniors D"]
[Black "Dalah, Jacob"]
[BlackElo "1125"]
[BlackTeam "Edgware Gambits E"]
[Result "0-1"]
[PlyCount "104"]

1. e4 e5 2. b3 d5 3. exd5 c6 4. c4 Bc5 5. Nf3 Bg4 6. h3 Bh5 7. g4 Bg6 8. Nxe5 Qe7 9. Qe2 Bd4 10. Nxg6 Qxe2+ 11. Bxe2 hxg6 12. Nc3 Na6 13. Rb1 Nb4 14. Ne4 cxd5 15. cxd5 O-O-O 16. d6 Re8 17. f3 f5 18. gxf5 gxf5 19. Ng3 Nd3+ 20. Kd1 Nf2+ 21. Ke1 Nxh1 22. Nxh1 Kb8 23. Bb2 Bxb2 24. Rxb2 Nf6 25. Rc2 Rxh3 26. Nf2 Rh2 27. Nd3 Rh1+ 28. Kf2 Rh2+ 29. Kg1 Rexe2 30. Kf1 Rxd2 31. Rxd2 Rxd2 32. Nc5 Rxd6 33. b4 Rd2 34. a3 Rd3 35. a4 Rxf3+ 36. Ke2 Ra3 37. a5 b6 38. axb6 axb6 39. Nd3 g5 40. Ne5 f4 41. Kf2 g4 42. Nc4 Rc3 43. Nxb6 Rc2+ 44. Kf1 f3 45. Nc4 g3 46. Ne3 g2+ 47. Nxg2 fxg2+ 48. Kg1 Nd5 49. b5 Nf4 50. b6 Nh3+ 51. Kh2 g1=Q+ 52. Kxh3 Rh2# 0-1

[Event "Junior Online 4NCL Division 3"]
[Site "online"]
[Date "2021.10.28"]
[EventDate "2021.10.28"]
[Round "6.12"]
[White "Patel, Rohan"]
[WhiteElo "1188"]
[WhiteTeam "Edgware Gambits E"]
[Black "Govindu, Aashrith Reddy"]
[BlackElo "950"]
[BlackTeam "Manchester Juniors D"]
[Result "0-1"]
[PlyCount "50"]

1. e4 e5 2. Nf3 Nc6 3. Bc4 Bc5 4. Nc3 Nf6 5. d3 d6 6. Bg5 Bg4 7. h3 Bxf3 8. Qxf3 Bd4 9. Nd5 h6 10. Nxf6+ gxf6 11. Bxf6 Qd7 12. Bxh8 Bxb2 13. Rb1 Bc3+ 14. Kf1 Nd4 15. Qg3 O-O-O 16. Bf6 Re8 17. Rc1 Bd2 18. Rd1 Nxc2 19. Rxd2 Nd4 20. Qg7 Ne6 21. Qxh6 Qa4 22. Bd5 Qb4 23. Rd1 Qa4 24. Qh5 Nf4 25. Qxf7 Qxd1# 0-1

[Event "Junior Online 4NCL Division 3"]
[Site "online"]
[Date "2021.10.28"]
[EventDate "2021.10.28"]
[Round "6.14"]
[White "Wen, Liana"]
[WhiteElo "1154"]
[WhiteTeam "Edgware Gambits E"]
[Black "Jordan, Tabitha"]
[BlackElo "857"]
[BlackTeam "Manchester Juniors D"]
[Result "1-0"]
[PlyCount "99"]

1. d4 d5 2. c4 Nf6 3. Nc3 e6 4. Bg5 dxc4 5. e3 Nc6 6. Bxc4 e5 7. Nf3 Be7 8. O-O Bb4 9. a3 Be7 10. Qb3 Na5 11. Bxf7+ Kf8 12. Qa2 Nd5 13. Nxe5 Bxg5 14. Nxd5 Bf6 15. Bh5 Be6 16. e4 c6 17. b4 cxd5 18. bxa5 Qxa5 19. Qe2 Re8 20. Ng4 g6 21. Nxf6 gxh5 22. Nxe8 Kxe8 23. Qxh5+ Bf7 24. Qe5+ Kd7 25. Rab1 Re8 26. Qf5+ Be6 27. Qxh7+ Re7 28. Qg6 Qd8 29. Rxb7+ Kc8 30. Rxe7 Qxe7 31. Rc1+ Kd7 32. exd5 Bxd5 33. Qg3 Ke8 34. Qb8+ Kf7 35. h3 a5 36. Rc7 Qxc7 37. Qxc7+ Ke6 38. Qxa5 Be4 39. Qe5+ Kd7 40. Qxe4 Kc7 41. d5 Kd7 42. Qe6+ Kc7 43. d6+ Kd8 44. Qe7+ Kc8 45. d7+ Kc7 46. d8=Q+ Kc6 47. Qe5 Kb7 48. Qdd6 Ka7 49. Qee7+ Ka8 50. Qdd8# 1-0

[Event "Junior Online 4NCL Division 3"]
[Site "online"]
[Date "2021.10.28"]
[EventDate "2021.10.28"]
[Round "6.15"]
[White "Dalah, Jacob"]
[WhiteElo "1125"]
[WhiteTeam "Edgware Gambits E"]
[Black "Pearson, Matt D"]
[BlackElo "1035"]
[BlackTeam "Manchester Juniors D"]
[Result "1-0"]
[PlyCount "43"]

1. e4 e5 2. Nf3 Nc6 3. d4 b6 4. dxe5 Nxe5 5. Nxe5 Bb4+ 6. c3 Bc5 7. Qh5 Qf6 8. Ng4 g6 9. Nxf6+ Nxf6 10. Qh6 Ng8 11. Qg7 d6 12. Qxh8 Kf8 13. Bh6+ Ke7 14. Qxg8 Bb7 15. Bg5+ Kd7 16. Qxf7+ Kc6 17. Qd5+ Kd7 18. Bb5+ Kc8 19. Qe6+ Kb8 20. Qe8+ Bc8 21. Ba6 d5 22. Qxc8# 1-0

[Event "Junior Online 4NCL Division 3"]
[Site "online"]
[Date "2021.10.28"]
[EventDate "2021.10.28"]
[Round "6.16"]
[White "Govindu, Aashrith Reddy"]
[WhiteElo "950"]
[WhiteTeam "Manchester Juniors D"]
[Black "Patel, Rohan"]
[BlackElo "1188"]
[BlackTeam "Edgware Gambits E"]
[Result "0-1"]
[PlyCount "42"]

1. e4 e5 2. Nf3 Nc6 3. Bc4 Bc5 4. Nc3 Nf6 5. d3 O-O 6. O-O h6 7. h3 d6 8. Bd5 Nxd5 9. Nxd5 f5 10. exf5 Bxf5 11. Be3 Nd4 12. Bxd4 Bxd4 13. Nxd4 exd4 14. Qf3 Be6 15. Qe4 Bxd5 16. Qxd5+ Kh8 17. Rae1 Re8 18. Re4 c6 19. Rxe8+ Qxe8 20. Qxd6 Rd8 21. Re1 Qxe1+ 0-1

[Event "Junior Online 4NCL Division 3"]
[Site "online"]
[Date "2021.10.28"]
[EventDate "2021.10.28"]
[Round "6.18"]
[White "Jordan, Tabitha"]
[WhiteElo "857"]
[WhiteTeam "Manchester Juniors D"]
[Black "Wen, Liana"]
[BlackElo "1154"]
[BlackTeam "Edgware Gambits E"]
[Result "0-1"]
[PlyCount "30"]

1. e4 c5 2. Nf3 d6 3. Bc4 Nf6 4. O-O g6 5. d3 Bg7 6. Nc3 O-O 7. Bg5 Nc6 8. Qe2 Bg4 9. h3 Nd4 10. Qd2 Bxf3 11. Bxf6 exf6 12. Rfe1 Bxg2 13. Kxg2 Qd7 14. Kf1 Qxh3+ 15. Kg1 Nf3# 0-1

[Event "Junior Online 4NCL Division 3"]
[Site "online"]
[Date "2021.10.28"]
[EventDate "2021.10.28"]
[Round "6.22"]
[White "Grose, Ariyana"]
[WhiteElo "893"]
[WhiteTeam "Barnet Knights D"]
[Black "Sisupalan, Beni"]
[BlackElo "1452"]
[BlackTeam "JHJ Shark Tank 4"]
[Result "1/2-1/2"]
[PlyCount "99"]

1. e4 e5 2. Nf3 Nc6 3. Bc4 Bc5 4. b4 Bxb4 5. c3 Bc5 6. d4 exd4 7. cxd4 Bb4+ 8. Bd2 Bxd2+ 9. Qxd2 d6 10. d5 Ne5 11. Nxe5 dxe5 12. Nc3 Nf6 13. Qg5 O-O 14. Qxe5 Re8 15. Qg5 Nxe4 16. Qxd8 Rxd8 17. Nxe4 Re8 18. f3 f5 19. O-O fxe4 20. fxe4 Bd7 21. d6+ Kh8 22. Rf7 Be6 23. Rxc7 Bxc4 24. Rxc4 Rad8 25. Rc7 Rxd6 26. Rxb7 a6 27. Re1 h6 28. Ra7 Rde6 29. h3 Kh7 30. g4 Rxe4 31. Rxe4 Rxe4 32. Rxa6 Re2 33. Kf1 Rh2 34. Kg1 Rxh3 35. Ra5 Rg3+ 36. Kf2 Rxg4 37. Kf3 Rg5 38. Rxg5 hxg5 39. Kg4 Kg6 40. a4 Kf6 41. a5 Ke7 42. a6 Kd7 43. a7 Kc7 44. a8=Q Kd6 45. Qf8+ Ke5 46. Qxg7+ Ke6 47. Qxg5 Kf7 48. Kf5 Kf8 49. Qf6+ Kg8 50. Kg6 1/2-1/2

[Event "Junior Online 4NCL Division 3"]
[Site "online"]
[Date "2021.10.28"]
[EventDate "2021.10.28"]
[Round "6.23"]
[White "Burrill, Edoardo"]
[WhiteElo "1455"]
[WhiteTeam "JHJ Shark Tank 4"]
[Black "Finlay Fox, George"]
[BlackElo "800"]
[BlackTeam "Barnet Knights D"]
[Result "1-0"]
[PlyCount "47"]

1. e4 e5 2. Nf3 Nf6 3. Nxe5 d6 4. Nf3 Bg4 5. Nc3 Be7 6. Bc4 O-O 7. d3 Nh5 8. h3 Be6 9. Bd5 Bd7 10. Nd4 Nf4 11. Bxf4 Bh4 12. Qh5 Qf6 13. Nf3 Qxf4 14. Nxh4 Na6 15. Bxb7 Nb4 16. O-O Nxc2 17. Rac1 Nd4 18. Bxa8 Rxa8 19. Nd5 Qd2 20. Ne7+ Kf8 21. Rxc7 g6 22. Qxh7 Qg5 23. Nexg6+ Ke8 24. Qg8# 1-0

[Event "Junior Online 4NCL Division 3"]
[Site "online"]
[Date "2021.10.28"]
[EventDate "2021.10.28"]
[Round "6.24"]
[White "Greenberg, Sam"]
[WhiteElo "600"]
[WhiteTeam "Barnet Knights D"]
[Black "Aserkoff, Daniel"]
[BlackElo "1411"]
[BlackTeam "JHJ Shark Tank 4"]
[Result "0-1"]
[PlyCount "98"]

1. e4 c6 2. d4 d5 3. exd5 cxd5 4. Bf4 Nf6 5. Bb5+ Nc6 6. Bxc6+ bxc6 7. Nf3 Bg4 8. O-O e6 9. c3 Be7 10. Nbd2 O-O 11. Qe2 c5 12. dxc5 Bxc5 13. h3 Bh5 14. g4 Bg6 15. Ne5 Qb6 16. Nd7 Nxd7 17. b4 Bd6 18. Bxd6 Qxd6 19. Nf3 Rac8 20. Rac1 Nb6 21. Ng5 h6 22. Nf3 Rfe8 23. Ne5 Nc4 24. Nxc4 Rxc4 25. Rcd1 Rxc3 26. Rc1 Rec8 27. Rxc3 Rxc3 28. Rd1 Rc2 29. Qe1 Qa6 30. Rd2 Rxd2 31. Qxd2 Qd3 32. Qe1 Qb1 33. Qxb1 Bxb1 34. a4 Bd3 35. a5 Bb5 36. Kg2 Kf8 37. Kf3 Ke7 38. Kf4 Kd6 39. g5 hxg5+ 40. Kxg5 d4 41. h4 Ke5 42. Kg4 Ke4 43. Kg3 d3 44. Kg2 d2 45. h5 d1=Q 46. h6 Qg4+ 47. Kh2 Bf1 48. h7 Qh3+ 49. Kg1 Qg2# 0-1

[Event "Junior Online 4NCL Division 3"]
[Site "online"]
[Date "2021.10.28"]
[EventDate "2021.10.28"]
[Round "6.26"]
[White "Sisupalan, Beni"]
[WhiteElo "1452"]
[WhiteTeam "JHJ Shark Tank 4"]
[Black "Grose, Ariyana"]
[BlackElo "893"]
[BlackTeam "Barnet Knights D"]
[Result "1-0"]
[PlyCount "63"]

1. e4 e5 2. Nf3 Nc6 3. Bc4 Nf6 4. Ng5 d5 5. exd5 Na5 6. Bb5+ Bd7 7. Bxd7+ Qxd7 8. Nc3 h6 9. Nf3 Bc5 10. Nxe5 Qf5 11. d4 Bd6 12. O-O O-O 13. f4 Bb4 14. Bd2 Ne4 15. Nxe4 Qxe4 16. Bxb4 b6 17. Bxf8 Rxf8 18. Qd3 Qxd5 19. b3 Re8 20. c4 Qa8 21. Qf5 f6 22. Ng6 Qe4 23. Qxe4 Rxe4 24. Rad1 Kf7 25. Nh4 Nc6 26. Nf5 g6 27. Nxh6+ Kg7 28. Ng4 Nxd4 29. g3 Nc2 30. Rd7+ Kh8 31. Nxf6 Ne1 32. Rh7# 1-0

[Event "Junior Online 4NCL Division 3"]
[Site "online"]
[Date "2021.10.28"]
[EventDate "2021.10.28"]
[Round "6.27"]
[White "Finlay Fox, George"]
[WhiteElo "800"]
[WhiteTeam "Barnet Knights D"]
[Black "Burrill, Edoardo"]
[BlackElo "1455"]
[BlackTeam "JHJ Shark Tank 4"]
[Result "0-1"]
[PlyCount "54"]

1. e4 e5 2. Bc4 Bc5 3. Qh5 Qf6 4. Nf3 g6 5. Qh4 d6 6. O-O h5 7. d4 Bxd4 8. Bg5 Qe6 9. Bxe6 Bxe6 10. c3 Bb6 11. Nbd2 Nc6 12. Nb3 Bc4 13. Nbd2 Bxf1 14. Nxf1 Nge7 15. Bxe7 Nxe7 16. Qg5 Kd8 17. Qf6 Rf8 18. Qg7 Ke8 19. Ng5 Kd7 20. Nh7 Rh8 21. Ng5 f6 22. Qxf6 Raf8 23. Qg7 Bxf2+ 24. Kh1 Bh4 25. Rd1 Bxg5 26. Nd2 Bxd2 27. Rxd2 Rf1# 0-1

[Event "Junior Online 4NCL Division 3"]
[Site "online"]
[Date "2021.10.28"]
[EventDate "2021.10.28"]
[Round "6.32"]
[White "Salkauskas, Deimantas"]
[WhiteElo "1346"]
[WhiteTeam "Colchester Juniors B"]
[Black "Agarwal, Mihir"]
[BlackElo "1344"]
[BlackTeam "The Hall 2"]
[Result "1-0"]
[PlyCount "25"]

1. e4 c5 2. Nf3 Nc6 3. Bc4 e5 4. Nc3 d6 5. d3 g6 6. Bg5 Be7 7. Bxe7 Ngxe7 8. O-O O-O 9. Qd2 Kg7 10. Qg5 h6 11. Qe3 Bg4 12. h3 Bh5 13. Nh2 1-0

[Event "Junior Online 4NCL Division 3"]
[Site "online"]
[Date "2021.10.28"]
[EventDate "2021.10.28"]
[Round "6.33"]
[White "O'Sullivan, Conor"]
[WhiteElo "1290"]
[WhiteTeam "The Hall 2"]
[Black "Balaggan, Karam S"]
[BlackElo "1313"]
[BlackTeam "Colchester Juniors B"]
[Result "0-1"]
[PlyCount "56"]

1. e4 c5 2. Nc3 d6 3. Nf3 Nf6 4. Bc4 e6 5. d3 Be7 6. Be3 Nc6 7. O-O O-O 8. Qd2 d5 9. exd5 exd5 10. Bb3 Be6 11. Ne2 d4 12. Bf4 Qd7 13. Ba4 a6 14. Ne5 Qc8 15. Bb3 Nxe5 16. Bxe5 b5 17. a4 c4 18. dxc4 bxc4 19. Ba2 Qd7 20. Bxd4 Rfd8 21. Rfd1 Bc5 22. Bxf6 Qxd2 23. Rxd2 Rxd2 24. Ng3 Rxf2 25. Bc3 Rxc2+ 26. Kf1 Bd5 27. Rd1 Bxg2+ 28. Ke1 Bf2# 0-1